| 000 | 00314nam a22001337a 4500 | ||
|---|---|---|---|
| 999 |
_c16628 _d16628 |
||
| 003 | Nust | ||
| 005 | 20170320161737.0 | ||
| 008 | 131202t xxu||||| |||| 00| 0 eng d | ||
| 020 | _a81-85589-14-3 | ||
| 040 | _cASAB | ||
| 082 | _a581.6 | ||
| 100 |
_aAltaf Ahmad _9358 |
||
| 245 | _aMedicinal Plants in changing environment | ||
| 942 |
_2ddc _cBK |
||